|
|
|
|
| LEADER |
00000nab a2200000 a 4500 |
| 001 |
vtls000725015 |
| 003 |
SK-MaSNL |
| 005 |
20260304132305.0 |
| 008 |
250429c2000 xo 0 slo |
| 015 |
|
|
|a SNBRB2000/06-15679
|
| 035 |
|
|
|a CLN000077179
|
| 035 |
|
|
|a urn:nbn:sk:snk-ab6m0i
|
| 035 |
|
|
|a (uuid)13d898cd-197c-491b-ae25-b1a0ab1a440a
|
| 035 |
|
|
|a (urnnbn)urn:nbn:sk:snk:ar-005gze
|
| 035 |
|
|
|a (sysno)vtls000725015
|
| 040 |
|
|
|a SNKBUCL
|b slo
|c SNKBUCL
|e AACR2
|
| 041 |
0 |
|
|a slo
|
| 044 |
|
|
|a xo
|c SK
|
| 080 |
|
|
|a 618.2:615.32
|2 1997
|
| 080 |
|
|
|a 615.32
|2 1997
|
| 080 |
|
|
|a 615.212
|2 1997
|
| 080 |
|
|
|a 613.83
|2 1997
|
| 100 |
1 |
|
|a Hinšt, Jaroslav,
|d 1946-2021
|4 aut
|9 223304
|
| 245 |
1 |
0 |
|a Substitučná liečba matadonom v gravidite
|c Jaroslav Hinšt, Ján Štencl
|
| 504 |
|
|
|a Res. angl., slov.
|
| 504 |
|
|
|a Bibliogr. odkazy
|
| 650 |
0 |
7 |
|a závislosť drogová
|x liečba
|x gravidita
|2 snkbucl
|9 1447164
|
| 650 |
0 |
7 |
|a metadon
|2 snkbucl
|9 639085
|
| 650 |
0 |
7 |
|a drogy
|x gravidita
|x metadon
|2 snkbucl
|9 1447165
|
| 650 |
0 |
7 |
|a gravidita
|x závislosť drogová
|x liečba
|x metadon
|2 snkbucl
|9 1447166
|
| 655 |
|
7 |
|a články z novín a časopisov
|2 snkbucl
|9 267496
|
| 700 |
1 |
|
|a Štencl, Ján,
|d 1940-
|4 aut
|9 201971
|
| 773 |
0 |
|
|t Lekársky obzor
|g Roč. 49, č. 5 (2000), s. 159-162
|x 0457-4214
|
| 850 |
|
|
|a Slovenská národná knižnica
|
| 852 |
|
|
|a Slovenská národná knižnica
|
| 954 |
|
|
|a odborná, vedecká literatúra pôvodná (slovenská)
|2 lita
|
| 958 |
|
|
|a article2022
|
| 958 |
|
|
|a OND
|
| 958 |
|
|
|a NB
|
| 958 |
|
|
|a MI
|
| 958 |
|
|
|a EUIPO
|
| 992 |
|
|
|a RBX
|
| 999 |
|
|
|c 2898685
|d 2900615
|